000 00640nam a2200229Ia 4500
003 OSt
005 20221007075614.0
006 a|||||r|||| 00| 0
007 ta
008 221006b |||||||| |||| 00| 0 eng d
024 _a12,081
037 _cTextual
040 _aFLL
_cFLL
_beng
041 _2eng
_aeng
082 _aV2:27:M5, A
100 _aMorley William H. Au.
_9694028
245 0 _aAdministration of justice in British India
260 _aNew Delhi
_bMetropolitan book co. India
_c1858
300 _aviii,357p
_ccm.
942 _hV2:27:M5, A
_cTEXL
_2CC
999 _c1156707
_d1156707